| 000 | 00539nam a2200181 a 4500 | ||
|---|---|---|---|
| 005 | 20140310183138.0 | ||
| 008 | 020819s19uu xx 00 eng d | ||
| 050 |
_aHD 31 _b.D135 1998 |
||
| 100 | _aDaft, Richard L. | ||
| 245 |
_aOrganization theory and design / _cRichard L. Daft. |
||
| 260 |
_aUSA : _bSouth-Western College Publishing, _cc1998. |
||
| 300 |
_axiv. 701 p. : _bill. ; _c26 cm. |
||
| 521 | _aBSBA | ||
| 650 | _aOrganization | ||
| 650 |
_aOrganizational sociology _xcase studies |
||
| 942 |
_cBK _2lcc _kFOR |
||
| 999 |
_c19329 _d19329 |
||